Регионална библиотека "Любен Каравелов" - Русе

La clemenza du Tito [CD аудио] (Запис номер 228444)

MARC детайли
000 -Лидер
Контролно поле с фиксирана дължина 01893njm a2200457 a 4500
003 - Код на организацията, давaща контролен номер
Контролно поле BLK
005 - Дата и час на последна редакция
Контролно поле 20241005005435.0
008 - Елементи от данни с фиксирана дължина
fixed length control field 180410b bul||n||s|||||||| n|bulo|
010 ## - Наследен системен номер
LC control number CDD00009289000
040 ## - Източник на каталожния запис
Идентификатор на билиотеката - собственик на записа BLK
041 ## - Код за език
Код за езика на текст/звукозапис или на отделно заглавие Немски
Код за езика КДБФ Немски
072 #7 - Код за тематичната категория
Код организация bullib
Код за тематична категория Н9901
Текст Немска читалня - музика Н
080 ## - УДК
Текстов определител УДК Опера. Музикална драма. Романтична опера. Опера-приказка
УДК код - определител по УДК 782.1
УДК - код + определител 782.1
100 ## - Редна дума - Автор
Автор Mozart, Wolfgang Amadeus
Дати, свързани с автора 1756 - 1791
R(LIN) 386874
139 ## - Редно поле
Редна дума Mozart, Wolfgang Amadeus
Авторски знак Mow - M 91
245 10 - Сведения за заглавието
Заглавие La clemenza du Tito [CD аудио]
Подзаглавни данни CD 1-2
Редно поле (дума) Волфганг Амадеус Моцарт; Wolfgang Amadeus Mozart; тенор Philip Langridge; сопран Lucia Popp; сопран Ruth Ziesak; баритон Hermann Prey; изп. Chor und Orchester der Oper Zurich; диригент Nikolaus Harnoncourt.
Том CD 1
Заглавие на том Atto I
257 ## - Страна на издаване
Страна на създаване/издаване Германия
260 ## - Област на издателските данни
Име на издателя, разпространителя и проч. TELDEC
Година на издаване 1994
300 ## - Физическа характеристика
Размери/Мащаб 12 cm. Stereo
380 ## - Жанр
Жанр Изкуство
650 #4 - Допълнително описание по предмет – тема
Основно описание – тема или топоним Опери
9 (RLIN) 165041
653 ## - Ключова дума – ненормативна
Ключова дума Опера
659 ## - Тематичен бюлетин
Тематичен бюлетин Ф
700 ## - Други автори (авторска отговорност)
Лично име Моцарт, Волфганг Амадеус
Автороска отговорност (Описва отношението между автора и произведението) първи автор
9 (RLIN) 1299
700 1# - Други автори (авторска отговорност)
Лично име Langridge, Philip
Автороска отговорност (Описва отношението между автора и произведението) тенор
9 (RLIN) 16471
700 1# - Други автори (авторска отговорност)
Лично име Popp, Lucia
Автороска отговорност (Описва отношението между автора и произведението) сопран
9 (RLIN) 353413
700 1# - Други автори (авторска отговорност)
Лично име Ziesak, Ruth
Автороска отговорност (Описва отношението между автора и произведението) сопран
9 (RLIN) 28762
700 1# - Други автори (авторска отговорност)
Лично име Prey, Hermann
Автороска отговорност (Описва отношението между автора и произведението) баритон
9 (RLIN) 21711
700 1# - Други автори (авторска отговорност)
Лично име Chor und Orchester der Oper Zurich
Автороска отговорност (Описва отношението между автора и произведението) изп.
9 (RLIN) 355722
700 1# - Други автори (авторска отговорност)
Лично име Harnoncourt, Nikolaus
Автороска отговорност (Описва отношението между автора и произведението) диригент
9 (RLIN) 353322
760 1# - Описание на основната серия
Редна дума на основното описание Mozart, Wolfgang Amadeus
Страници - том 60мин. 31сек.
Заглавие CD 1 Atto I
852 ## - Местоположение
Форматна сигнатура Цб CD 4124
Част 0
856 4# - Електронен адрес и достъп
Електронен формат pdf - файл
Път до файла /url/
Инструкция (цена за достъп) 0.00
Права за достъп disable
856 4# - Електронен адрес и достъп
Електронен формат pdf - файл
Път до файла /url/
Инструкция (цена за достъп) 0.00
Права за достъп disable
942 ## - АРТИКУЛИ
Вид на библиотечния материал Компактдискове
Скрит в OPAC Не
Периодичен библиозапис Да
944 ## - СЪЗДАВАНЕ И РЕДАКЦИЯ на ЗАПИСА
Създаване/Редакция Създаване
Дата на регистрацията/редакция 15.12.2015
Служител, извършил регистрацията/редакцията
Статус, дата на статуса CRON CRON
944 ## - СЪЗДАВАНЕ И РЕДАКЦИЯ на ЗАПИСА
Създаване/Редакция Редакция
Дата на регистрацията/редакция 15.12.2015
Служител, извършил регистрацията/редакцията Теодора_Стоянова
999 ## - СИСТЕМНИ КОНТРОЛНИ НОМЕРА
Koha biblionumber 228444
Koha biblioitemnumber 228444
999 ## - СИСТЕМНИ КОНТРОЛНИ НОМЕРА
Koha biblioitemnumber 228444
999 ## - СИСТЕМНИ КОНТРОЛНИ НОМЕРА
Koha biblioitemnumber 228444
999 ## - СИСТЕМНИ КОНТРОЛНИ НОМЕРА
Koha biblioitemnumber 228444
Наличности
Код за отписване Код за изгубен артикул Източник на класификационната схема Код за повреда Коз за рестрикции Код за отдаване Артикулен № Име на библиотеката - собственик Име на библиотеката, в която се намира в момента Статус (Текущо местоположение) Дата на вписване в системата Местоположение - отдел Цена в лева Инвентарен номер Систематично азбучна сигнатура Баркод Номер на екземпляра Цена в евро Служебна бележка Служебен тип на артикула
  Не е изгубен Universal Decimal Classification Не е повреден без рестрикции заемане за дома 400622 Регионална библиотека "Любен Каравелов" Русе Регионална библиотека "Любен Каравелов" Русе Отдел Изкуство - подръчен фонд 1989-01-01 Отдел Изкуство - подръчен фонд 10.00 120000904767 782/M 91 120000904767 1 5.11 Дост: DA Вид: А Дата: 01.01.1989 Съставил: Теодора_Стоянова Компактдискове
Vip Innovations Ltd, Rousse, Bulgaria 2025